[Event "Juan Fontclara mem"]
[Site "Asuncion"]
[Date "1995.??.??"]
[Round "7"]
[White "Andres, Miguel"]
[Black "Burgos, Carlos"]
[Result "0-1"]
[WhiteElo "2325"]
[BlackElo "2350"]

1.e4 e6 2.d4 d5 3.Nc3 Nf6 4.e5 Nfd7 5.f4 c5 6.Nf3 Nc6 7.Be3 a6 8.Qd2 b5 9.dxc5 Nxc5
10.Nd4 Bd7 11.Nb3 Nb7 12.Qf2 Bb4 13.a3 Bxc3+ 14.bxc3 Ne7 15.Bd3 Qc7 16.O-O Qxc3
17.Nc5 Nxc5 18.Bxc5 Rc8 19.Bb4 Qc7 20.a4 bxa4 21.Bd6 Qd8 22.Bxa6 Rc6 23.Bb5 Rxd6
24.exd6 Nf5 25.c4 dxc4 26.Qc5 O-O 27.Bxa4 Bxa4 28.Rxa4 Nxd6 29.Rd1 Qe8 30.Ra7 Ne4
31.Qxc4 Qb8 32.Qd4 Nc3 33.Qxc3 Qxa7+ 34.Qd4 Qa5 35.Qd2 Qf5 36.Re1 Rc8 37.Re5 Qb1+
38.Re1 Qb5 39.h3 Qb6+ 40.Kh2 Rd8 41.Qc3 h6 42.Re5 Qf2 43.Qg3 Qc2 44.Qf3 Qc7
45.Qe4 Rb8 46.Qd4 Qc2 47.Rc5 Qg6 48.Qe3 Rb2 49.Qf3 Rd2 50.Re5 Rd3 51.Qf2 Rd5
52.Re3 Qf5 53.Qf3 Rd4 54.Kg3 h5 55.h4 f6 56.Qa8+ Kh7 57.Qf3 Kg6 58.Rc3 e5
59.fxe5 Rg4+  0-1

[Event "AUT-chT2W 9596"]
[Site "Austria"]
[Date "1995.??.??"]
[Round "?"]
[White "Kraenzle, Harald"]
[Black "Hinteregger, Arthur"]
[Result "1/2-1/2"]
[WhiteElo "2215"]
[BlackElo "2240"]

1.e4 e6 2.d4 d5 3.Nc3 Nf6 4.e5 Nfd7 5.f4 c5 6.Nf3 Nc6 7.Be3 Qb6 8.Na4 Qa5+
9.c3 cxd4 10.b4 Nxb4 11.cxb4 Bxb4+ 12.Bd2 Bxd2+ 13.Nxd2 g5 14.Nb2 gxf4 15.Nd3 b6
16.Qg4 Qc3 17.Rb1 Ba6 18.Rb3 Qa1+ 19.Rb1 Qc3 20.Rb3 Qa1+ 21.Rb1 Qc3  1/2-1/2

[Event "AUT-chT2S 9596"]
[Site "AUT"]
[Date "1995.??.??"]
[Round "?"]
[White "Weiss, Leo"]
[Black "Spindelboeck, Gernot"]
[Result "1/2-1/2"]
[WhiteElo "2225"]
[BlackElo "2200"]

1.e4 e6 2.d4 d5 3.Nc3 Nf6 4.e5 Nfd7 5.f4 c5 6.Nf3 Nc6 7.Be2 cxd4 8.Nb5 Bb4+
9.Kf1 O-O 10.Nbxd4 Be7 11.g3 Nc5 12.Kg2 f6 13.Be3 Bd7 14.Re1 Ne4 15.c4 fxe5
16.fxe5 Nxd4 17.Nxd4 Bc5 18.cxd5 exd5 19.Qb3 Kh8 20.Rad1 Bxd4 21.Bxd4 Qe7
22.Bf3 Qe6 23.Kg1 Qa6 24.Qe3 Qe6 25.Rf1 Bb5 26.Be2 Bxe2 27.Qxe2 h6 28.Rd3 Kg8
29.Rdf3 Rxf3 30.Rxf3 Rf8 31.Rxf8+  1/2-1/2

[Event "Bad Endbach"]
[Site "Bad Endbach"]
[Date "1995.??.??"]
[Round "?"]
[White "Lau, Ralf"]
[Black "Kaminski, Marcin"]
[Result "1/2-1/2"]
[WhiteElo "2490"]
[BlackElo "2455"]

1.e4 e6 2.d4 d5 3.Nc3 Nf6 4.e5 Nfd7 5.Nce2 c5 6.c3 Nc6 7.Nf3 cxd4 8.cxd4 f6
9.exf6 Nxf6 10.Nc3 Bd6 11.Bb5 O-O 12.O-O Bd7 13.Re1 Qc7 14.h3 Rae8 15.Be3 a6
16.Bf1 Kh8 17.Rc1 Qb8 18.Na4 e5 19.dxe5 Nxe5 20.Nxe5 Bxe5 21.Nc5 Bxb2 22.Rc2 d4
23.Nxd7 Nxd7 24.Rxb2 dxe3 25.Rxe3 Rxe3 26.fxe3 Qg3 27.Rxb7 Qf2+ 28.Kh2 Nc5
29.Rb4 Qxe3 30.Qd6 Qe8 31.Be2 a5 32.Bb5 Qb8 33.Rd4 Ne6 34.Qxb8 Rxb8 35.Rc4 g6
36.Bd7 Rb6 37.Bc8 Kg7 38.Ra4 Rc6 39.Bxe6 Rxe6 40.Rxa5 Re2 41.Kg3 Rc2 42.Ra4 h5
43.h4 Kh7 44.a3 Rc3+ 45.Kf4 Kh6 46.g3 Rb3 47.Ra8 Rc3 48.a4 Rc4+ 49.Kf3 Rc3+
50.Kg2 Rc2+ 51.Kh3 Rc4 52.a5 Ra4 53.Kg2 Kg7 54.a6 Ra3 55.Kf2 Kh7 56.Ra7+ Kh6
57.Kg2 g5 58.Ra8 gxh4 59.gxh4 Kg7 60.Kf2 Rh3 61.Rb8 Ra3 62.Rb6 Rh3 63.Rb7+ Kg6
64.a7 Ra3 65.Ke2 Kf5 66.Rg7 Kf6 67.Rh7 Kg6 68.Rc7  1/2-1/2

[Event "Barbera del Valles op"]
[Site "Barbera del Valles"]
[Date "1995.??.??"]
[Round "2"]
[White "Vehi Bach, Victor Manuel"]
[Black "Oliver Martinez Forn, Carles"]
[Result "1-0"]
[WhiteElo "2445"]
[BlackElo "2220"]

1.e4 e6 2.d4 d5 3.Nc3 Nf6 4.e5 Nfd7 5.f4 c5 6.Nf3 Nc6 7.Be3 a6 8.Qd2 b5 9.dxc5 Bxc5
10.Bxc5 Nxc5 11.Qf2 Qb6 12.Bd3 b4 13.Ne2 a5 14.O-O Ba6 15.Rfd1 Rb8 16.Ned4 Nxd4
17.Nxd4 Bxd3 18.cxd3 O-O 19.Rac1 f6 20.exf6 Rxf6 21.Qe3 Rd8 22.Nf3 Nd7 23.Qxb6 Nxb6
24.g3 Na4 25.Rd2 h6 26.Ne5 Ra8 27.h4 g5 28.Ng4 Rg6 29.fxg5 hxg5 30.h5 Rg7
31.Rc6 Re7 32.Re2 Kg7 33.d4 Rh8 34.h6+ Kg6 35.Ra6 Kh5 36.Ne5 Kxh6 37.Rh2+  1-0

[Event "Regionalliga NW9495"]
[Site "Bayern"]
[Date "1995.??.??"]
[Round "2"]
[White "Wolf, Richard"]
[Black "Scherer, Thomas"]
[Result "0-1"]
[WhiteElo "2095"]
[BlackElo "1950"]

1.e4 e6 2.d4 d5 3.Nc3 Nf6 4.e5 Nfd7 5.f4 c5 6.Nf3 Nc6 7.Be3 Qb6 8.Na4 Qa5+
9.c3 b5 10.Nxc5 Bxc5 11.dxc5 b4 12.a3 bxc3 13.b4 Qc7 14.Nd4 O-O 15.Bd3 a5
16.Nxc6 Qxc6 17.b5 Qc7 18.c6 Nxe5 19.fxe5 Qxe5 20.Qe2 Qd6 21.Bd4 e5 22.Qxe5 Qxe5+
23.Bxe5 Re8 24.O-O-O Rxe5 25.Rhe1 f6 26.Rxe5 fxe5 27.b6 Rb8 28.b7 Bxb7 29.cxb7 Rxb7
30.Bf5 d4 31.Be4 Rb2 32.Rf1 g6 33.Rf6 Re2 34.Bf3 d3 35.Bd5+ Kg7 36.Rf7+ Kh6
37.Rf1 Rc2+ 38.Kb1 Rb2+ 39.Ka1 Re2 40.Kb1 e4 41.h4 d2 42.Rd1 Kh5 43.Kc2 Re3
44.Bxe4 Rxe4 45.Kxc3 Re3+ 46.Kxd2 Rxa3 47.Ke2 h6 48.Rd4 Ra1 49.Kf2 a4 50.g3 a3
51.Ra4 g5 52.hxg5 hxg5 53.Kg2 Ra2+ 54.Kg1 Kg6 55.Ra5 Kf6 56.Kh1 Ke6 57.Kg1 Kd6
58.g4 Kc6 59.Ra8 Kb5 60.Rb8+ Kc4 61.Rc8+ Kd4 62.Ra8 Ke3 63.Ra4 Kf3 64.Rc4 Re2
65.Kf1 a2 66.Ra4 Rb2  0-1

[Event "Regionalliga SO9495"]
[Site "Bayern"]
[Date "1995.??.??"]
[Round "3"]
[White "Zauner, Josef"]
[Black "Kretschel, Klaus"]
[Result "1-0"]
[WhiteElo "2105"]
[BlackElo "2060"]

1.e4 e6 2.d4 d5 3.Nc3 Nf6 4.e5 Ne4 5.Nxe4 dxe4 6.Bc4 c5 7.d5 exd5 8.Qxd5 Qxd5
9.Bxd5 Nd7 10.Bf4 f5 11.exf6 Nxf6 12.Bc4 Bd7 13.a4 O-O-O 14.Ne2 Bc6 15.Nc3 Bd6
16.Be3 a6 17.O-O-O Rhe8 18.h3 h6 19.Rd2 g5 20.Bf7 Re7 21.Rhd1 Kc7 22.Bc4 Ree8
23.g3 Be7 24.Nd5+ Nxd5 25.Bxd5 Bxa4 26.Bxe4 Rxd2 27.Rxd2 Bd6 28.Bxb7 Bxg3
29.Bxa6 Ra8 30.fxg3 Rxa6 31.Rd5 Bd7 32.Rxc5+ Rc6 33.Rxc6+ Kxc6 34.h4 gxh4
35.gxh4 h5 36.c4 Be6 37.b3 Bf5 38.Kd2 Be6 39.Kc3 Bg4 40.b4 Be2 41.b5+ Kd6
42.Kb4 Bd3 43.Bf4+ Ke6 44.c5 Kd5 45.c6 Be2 46.Ka5 Kc5 47.Be3+ Kd6 48.Kb6 Bd3
49.c7  1-0

[Event "Regionalliga SO9495"]
[Site "Bayern"]
[Date "1995.??.??"]
[Round "3"]
[White "Hartl, Aldo"]
[Black "Wippich, Markus"]
[Result "0-1"]
[WhiteElo "2080"]
[BlackElo "1875"]

1.e4 e6 2.d4 d5 3.Nc3 Nf6 4.e5 Nfd7 5.f4 c5 6.Nf3 Nc6 7.Be3 Qb6 8.Na4 Qa5+
9.c3 c4 10.b4 Qc7 11.Nc5 Nxc5 12.dxc5 Be7 13.Be2 Bd7 14.O-O O-O 15.Nd4 Nxd4
16.Bxd4 f5 17.Qd2 Ba4 18.g4 g6 19.gxf5 gxf5 20.Rf3 Kh8 21.Rh3 b6 22.cxb6 axb6
23.Rb1 Be8 24.Qe3 b5 25.Rb2 Bg6 26.Bf3 Qc6 27.Rg3 Kg7 28.Bh5 Kf7 29.Bxg6+ hxg6
30.Rbg2 Rg8 31.Kh1 Rg7 32.Qg1 Rag8 33.Ba7 Bh4 34.Rh3 Rh7 35.Qb6 Qd7 36.Qe3 Rh5
37.Bd4 Rgh8 38.Qf3 Qd8 39.Be3 Be1 40.Rxh5 Rxh5 41.Bf2 Bxf2 42.Qxf2 Rh3 43.Qa7+ Qe7
44.Qg1 Rh6 45.Rg5 Qb7 46.Qd4 Qa8 47.Qb6 d4+ 48.Kg1 dxc3 49.Qc7+ Kg8 50.Qe7 Qc8
51.Rg2 c2 52.Rxc2 Rh7 53.Qf6 Qd7 54.Rg2 Qd1+ 55.Kf2 Qd2+ 56.Kf1 Qxf4+ 57.Ke2 Qe4+
58.Kf2 Qh4+ 59.Qxh4 Rxh4 60.Rxg6+ Kf7 61.Rf6+ Ke7 62.Kg3 Re4  0-1

[Event "Regionalliga NO9495"]
[Site "Bayern"]
[Date "1995.??.??"]
[Round "6"]
[White "Quist, Sven"]
[Black "Woerl, Richard"]
[Result "1/2-1/2"]
[WhiteElo "1960"]
[BlackElo "1955"]

1.e4 e6 2.d4 d5 3.Nc3 Nf6 4.e5 Nfd7 5.f4 c5 6.Nf3 Nc6 7.Be3 Be7 8.Qd2 a6
9.g3 b5 10.Bg2 Qb6 11.Ne2 Bb7 12.c3 b4 13.O-O a5 14.f5 exf5 15.Ng5 g6 16.Bxd5 Bxg5
17.Bxg5 cxd4 18.cxd4 Nxd4 19.Qxd4 Qxd4+ 20.Nxd4 Bxd5 21.Nb5 O-O 22.Nc7 Bc4
23.Rfc1 Ra7 24.Rxc4 Nxe5 25.Be3 Nxc4 26.Bxa7 Nxb2 27.Bd4 Nc4 28.Rc1 Nd2 29.Be3 Ne4
30.Nd5 Kg7 31.Bd4+ f6 32.Rc7+ Rf7 33.Rxf7+ Kxf7 34.Bb6 Ke6 35.Nf4+ Kd6 36.Bxa5 Kc5
37.Bd8 Nc3 38.Bxf6 Nxa2 39.Nd3+ Kc4 40.Nb2+ Kb3 41.Kf1 Nc3 42.Nd3 Kc4 43.Nb2+  1/2-1/2

[Event "Belgrade Minex"]
[Site "Belgrade"]
[Date "1995.??.??"]
[Round "11"]
[White "Damjanovic, Vladimir"]
[Black "Marinkovic, Slavisa"]
[Result "1/2-1/2"]
[WhiteElo "2440"]
[BlackElo "2415"]

1.e4 e6 2.d4 d5 3.Nc3 Nf6 4.e5 Nfd7 5.f4 c5 6.Nf3 Nc6 7.Be3 cxd4 8.Nxd4 Bc5
9.Qd2 O-O 10.O-O-O Bxd4 11.Bxd4 a6 12.Qe3 b5 13.Bd3 Nxd4 14.Qxd4 Qb6 15.Ne2 Bb7
16.Qxb6 Nxb6 17.Nd4 Nd7 18.Rde1 Rae8 19.Re2 Nc5 20.Rhe1 Rc8 21.Kb1 b4 22.Re3 a5
23.f5 exf5 24.Nxf5 Rc7 25.Rg3 g6 26.h4 Bc8 27.Nd4 Re7 28.h5 Rfe8 29.Rge3 Kg7
30.Bb5 Bd7 31.Bc6 Bxc6 32.Nxc6 Re6 33.Nxa5 d4 34.R3e2 d3 35.cxd3 Nxd3 36.Rd1 Nf4
37.Rf2 Rxe5 38.Nc4 Re1 39.h6+ Kxh6 40.Rxe1 Rxe1+ 41.Kc2 g5 42.g3 Ne6 43.Rxf7 Kg6
44.Rb7 h5 45.Rxb4 h4 46.gxh4 gxh4 47.Nd2 h3 48.Rh4 Ng5 49.Nf3 Nxf3 50.Rxh3 Re3
51.Rh8 Kf5 52.b4 Nd4+ 53.Kb2 Rg3 54.Re8 Kf6 55.Re4 Rd3 56.Re8 Rg3 57.Re4 Rd3
58.a3 Kf5 59.Re8 Kf6 60.Re4 Kf5 61.Re8  1/2-1/2

[Event "Biel Credis op"]
[Site "Biel"]
[Date "1995.??.??"]
[Round "3"]
[White "Bex, Pierre Alain"]
[Black "Vigh, Bela"]
[Result "1/2-1/2"]
[WhiteElo "2175"]
[BlackElo "2355"]

1.e4 e6 2.d4 d5 3.Nc3 Nf6 4.e5 Nfd7 5.Nce2 c5 6.c3 Nc6 7.Nf3 cxd4 8.cxd4 f6
9.exf6 Nxf6 10.g3 Bb4+ 11.Bd2 Qb6 12.Bg2 Bxd2+ 13.Qxd2 Ne4 14.Qc1 Bd7 15.O-O O-O
16.Qe3 Rae8 17.Nc3 Nd6 18.Na4 Qb4 19.Nc5 Bc8 20.Qd3 h6 21.Nb3 Rf6 22.Ne5 Nc4
23.Ng4 Rf5 24.Ne3 Rff8 25.Rae1 Nxb2 26.Qe2 Na4 27.Nxd5 exd5 28.Qxe8 Rxe8
29.Rxe8+ Kh7 30.Rxc8 Nc3 31.Bf3 a5 32.Re1 Ne4 33.Bxe4+ dxe4 34.Rxe4 a4 35.Nc5 b6
36.Rxc6 bxc5 37.Re7 Qxd4 38.Rcc7 Qd1+ 39.Kg2 Qd5+ 40.Kg1 Qd1+ 41.Kg2 Qd5+
42.Kg1 Qd1+  1/2-1/2

[Event "Biel op"]
[Site "Biel"]
[Date "1995.??.??"]
[Round "4"]
[White "Lutz, Christopher"]
[Black "Vaisser, Anatoli"]
[Result "0-1"]
[WhiteElo "2575"]
[BlackElo "2555"]

1.e4 e6 2.d4 d5 3.Nc3 Nf6 4.e5 Nfd7 5.f4 c5 6.Nf3 Nc6 7.Be3 a6 8.Qd2 b5 9.dxc5 b4
10.Nd1 Bxc5 11.Bd3 f6 12.O-O O-O 13.exf6 Qxf6 14.Ng5 g6 15.Qf2 Bd6 16.Qh4 Qe7
17.Bd2 Nf6 18.Ne3 Qg7 19.Rae1 Ra7 20.c4 bxc3 21.bxc3 h6 22.Nf3 Raf7 23.Nc2 Bc5+
24.Be3 Bxe3+ 25.Nxe3 Ne7 26.Nc2 Nf5 27.Qf2 Rc7 28.Qd2 Nd6  0-1

[Event "Biel Credis op"]
[Site "Biel"]
[Date "1995.??.??"]
[Round "7"]
[White "Bex, Pierre Alain"]
[Black "Jurek, Josef"]
[Result "1/2-1/2"]
[WhiteElo "2175"]
[BlackElo "2370"]

1.e4 e6 2.d4 d5 3.Nc3 Nf6 4.e5 Nfd7 5.Nce2 c5 6.c3 Nc6 7.Nf3 a5 8.g3 b5 9.Bg2 b4
10.O-O Ba6 11.Re1 a4 12.Nf4 Nb6 13.Ng5 Qd7 14.dxc5 Bxc5 15.Bd2 Be7 16.Qg4 g6
17.Nxf7 Kxf7 18.Rad1 Bc4 19.h4 Rhg8 20.Bh3 Nd8 21.Be3 Qc6 22.Rd4 bxc3 23.bxc3 Rg7
24.h5 Nd7 25.hxg6+ hxg6 26.Bd2 Nf8 27.Ng2 Ke8 28.Bh6 Rg8 29.Nf4 Kd7 30.Nxd5 Bxd5
31.c4 Ke8 32.cxd5 exd5 33.Red1 Qe6 34.Rxd5 Qxg4 35.Bxg4 Nde6 36.Rb1 Rd8 37.Rxd8+ Nxd8
38.a3 g5 39.Bh5+ Kd7 40.Bg4+ Nfe6 41.Rd1+ Kc6 42.Kg2 Rg6 43.Rh1 Bxa3 44.Bf5 Rg8
45.Bh7 Rh8 46.Be4+ Kc7 47.f4 gxf4 48.gxf4 Nf7 49.Bd5 Kd7 50.f5 Nxh6 51.Bxe6+ Ke7
52.Rb1 Ra8 53.Rb7+ Ke8 54.f6 Bc5 55.Rh7 Bf8 56.Bd5 Rc8 57.e6 Nf5 58.Rb7 Bd6
59.Kf3 a3 60.Ra7 Bc5 61.Rh7 Bf8 62.Rb7 Bd6 63.Rh7 Rc5 64.Rh8+ Bf8 65.Ke4 Ng3+
66.Kf3 Rxd5 67.e7 Rf5+ 68.Kxg3 Rxf6 69.exf8=Q+ Rxf8 70.Rh1 Kd7 71.Rh7+ Kc6
72.Ra7 Rg8+ 73.Kh2  1/2-1/2

[Event "DLM"]
[Site "Binz"]
[Date "1995.??.??"]
[Round "4"]
[White "Ludwig, Kristin"]
[Black "Proehl, Holger"]
[Result "1/2-1/2"]
[WhiteElo "2055"]
[BlackElo "2365"]

1.e4 e6 2.d4 d5 3.Nc3 Nf6 4.e5 Nfd7 5.f4 c5 6.Nf3 Nc6 7.Be3 cxd4 8.Nxd4 Qb6
9.Qd2 Qxb2 10.Rb1 Qa3 11.Bb5 Nxd4 12.Bxd4 Bb4 13.O-O a6 14.Rb3 Qa5 15.Rfb1 Ba3
16.Bxd7+ Bxd7 17.Ne4 Qxd2 18.Nxd2 Be7 19.Rxb7 Rc8 20.c3 f5 21.R1b6 Bc6 22.Ra7 Bd8
23.Rb2 Bb5  1/2-1/2

[Event "Bled op"]
[Site "Bled"]
[Date "1995.??.??"]
[Round "4"]
[White "Zontakh, Andrey"]
[Black "Furlan, Miha"]
[Result "0-1"]
[WhiteElo "2460"]
[BlackElo "2300"]

1.e4 e6 2.d4 d5 3.Nc3 Nf6 4.e5 Nfd7 5.f4 c5 6.Nf3 Nc6 7.Be3 cxd4 8.Nxd4 Bc5
9.Qd2 a6 10.O-O-O O-O 11.h4 Bxd4 12.Bxd4 b5 13.Kb1 b4 14.Ne2 a5 15.h5 Ba6
16.h6 g6 17.Rh3 a4 18.Qe3 Qc7 19.Bc5 Nxc5 20.Qxc5 Rfc8 21.Nc1 Bxf1 22.Rxf1 Ra5
23.Qf2 a3 24.Nb3 Ra7 25.Qc5 axb2 26.Kxb2 Qb7 27.Qf2 Qa6 28.Ra1 Nb8 29.Qd2 Rac7
30.Rc1 Qa3+ 31.Kb1 Rc3 32.f5 Nd7 33.fxg6 fxg6  0-1

[Event "RUS-chT"]
[Site "Briansk"]
[Date "1995.??.??"]
[Round "6"]
[White "Purgin, Nikolaj"]
[Black "Iljushin, Alexei"]
[Result "0-1"]
[WhiteElo "2300"]
[BlackElo "2330"]

1.d4 e6 2.e4 d5 3.Nc3 Nf6 4.e5 Nfd7 5.f4 c5 6.Nf3 Nc6 7.Be3 cxd4 8.Nxd4 Bc5
9.Bb5 Bxd4 10.Bxd4 a6 11.Bxc6 bxc6 12.Na4 Qe7 13.c3 c5 14.Bf2 Bb7 15.a3 a5
16.O-O O-O 17.Qg4 Rfb8 18.Bh4 Qe8 19.Bf6 g6 20.Qh4 Bc6 21.Nxc5 Nxc5 22.Rf3 h5
23.g4 Ne4 24.gxh5 Qf8 25.hxg6 fxg6 26.Rh3 Qc5+ 27.Kh1 Nf2+ 28.Kg2 Nxh3 29.Qh8+ Kf7
30.Qg7+ Ke8 31.Kxh3 Qf8 32.Qc7 Rc8 33.Qh7 Qf7 34.Qh6 Rc7 35.Rg1 Qh7 36.Rxg6 d4
37.cxd4 Be4 38.Bg7 Bxg6  0-1

[Event "Budapest FS12 GM"]
[Site "Budapest"]
[Date "1995.??.??"]
[Round "4"]
[White "Sziebert, Adam"]
[Black "Hmadi, Slaheddine"]
[Result "1/2-1/2"]
[WhiteElo "2390"]
[BlackElo "2325"]

1.e4 e6 2.d4 d5 3.Nc3 Nf6 4.e5 Nfd7 5.f4 c5 6.Nf3 Nc6 7.Be3 Qb6 8.Na4 Qa5+
9.c3 b6 10.Bd2 c4 11.b4 Nxb4 12.cxb4 Bxb4 13.Qc2 Bxd2+ 14.Nxd2 b5 15.Nc3 b4
16.Nd1 O-O 17.Be2 f6 18.Nf3 Qb6 19.Qd2 Ba6 20.Nf2 fxe5 21.fxe5 c3 22.Qe3 Bxe2
23.Kxe2 Rac8 24.Rhc1 Qa6+ 25.Qd3 Qa3 26.Kf1 Rf5 27.g4 Rxf3 28.Qxf3 Nb6 29.Kg1 Rf8
30.Qe2 Nc4 31.Nh3 Nd2 32.Ng5 Qb2 33.Qd3 g6 34.Qh3 h5 35.Qd3 Ne4 36.Nxe4 dxe4
37.Qxe4 Kg7 38.Qc2 Kh6 39.Rab1 Qa3 40.Rb3 Qa5 41.a3 Rf4 42.h3 Qd5 43.g5+ Kg7
44.Rxb4 a5 45.Rbb1 Qxd4+ 46.Kh1 Qd5+ 47.Qg2 Rf3 48.Rf1 c2 49.Rbc1 Rxh3+ 50.Kg1 Qd4+
51.Rf2 Qd1+ 52.Rf1 Qd4+ 53.Rf2 Qd1+ 54.Qf1 Qg4+ 55.Rg2 Qd4+ 56.Qf2 Qd1+ 57.Qe1 Qd4+  1/2-1/2

[Event "Budapest FS08 GM"]
[Site "Budapest"]
[Date "1995.??.??"]
[Round "4"]
[White "Sziebert, Adam"]
[Black "Petrosian, Karen"]
[Result "1-0"]
[WhiteElo "2390"]
[BlackElo "2400"]

1.e4 e6 2.d4 d5 3.Nc3 Nf6 4.e5 Nfd7 5.f4 c5 6.Nf3 Nc6 7.Be3 cxd4 8.Nxd4 Bc5
9.Qd2 g5 10.f5 Nxd4 11.Bxd4 Bxd4 12.Qxd4 Qb6 13.Qd2 Nxe5 14.O-O-O Bd7 15.Qxg5 h6
16.Qg3 Qd6 17.fxe6 fxe6 18.Nb5 Qb8 19.Re1 a6 20.Rxe5 axb5 21.Qg7 Rf8 22.Rxe6+ Bxe6
23.Bxb5+ Kd8 24.Qxf8+ Kc7 25.Qc5+ Kd8 26.Rf1  1-0

[Event "Budapest FS02 IM-B"]
[Site "Budapest"]
[Date "1995.??.??"]
[Round "6"]
[White "Zemerov, Vladimir"]
[Black "Hoang Than Trang"]
[Result "1/2-1/2"]
[WhiteElo "2430"]
[BlackElo "2325"]

1.e4 e6 2.d4 d5 3.Nc3 Nf6 4.e5 Nfd7 5.f4 c5 6.Nf3 Nc6 7.Be3 cxd4 8.Nxd4 Bc5
9.Qd2 O-O 10.O-O-O a6 11.h4 Qc7 12.Kb1 Bxd4 13.Bxd4 b5 14.Qe3 b4 15.Na4 Nxd4
16.Qxd4 Qa5 17.b3 Bb7 18.Bd3 Bc6 19.Nb2 Qc5 20.Be2 a5 21.Qxc5 Nxc5 22.Bf3 Bb5
23.Rd4 Rfc8 24.Rc1 Nd7 25.Nd1 Rc7 26.a3 bxa3 27.Ka2 a4 28.b4 Bc4+ 29.Kxa3 Bb3
30.c4 Nb8 31.b5 Nd7 32.Ne3 Rb8 33.Bd1 dxc4 34.Bxb3 axb3 35.Rdxc4 Rxc4 36.Rxc4 Rxb5
37.Rc8+ Nf8 38.Nc4 f6 39.Kb2 Rb4 40.f5 exf5 41.e6 Rxc4 42.Rxc4 Nxe6 43.Kxb3 g5
44.Kc3 Nf4 45.hxg5 fxg5 46.Rc5 Nxg2 47.Rxf5 h6 48.Rf6 Kg7 49.Ra6 h5 50.Kd4 h4
51.Ke4 g4 52.Kf5 g3 53.Rg6+ Kh7 54.Rxg3 hxg3 55.Kg4  1/2-1/2

[Event "Schneider mem op"]
[Site "Budapest"]
[Date "1995.??.??"]
[Round "6"]
[White "Semenova, Irina"]
[Black "Rosta, Sandor"]
[Result "1/2-1/2"]
[WhiteElo "2160"]
[BlackElo "2270"]

1.e4 e6 2.d4 d5 3.Nc3 Nf6 4.e5 Nfd7 5.f4 c5 6.Nf3 Nc6 7.Be3 cxd4 8.Nxd4 Bc5
9.Qd2 Nxd4 10.Bxd4 Bxd4 11.Qxd4 Qb6 12.Qxb6 Nxb6 13.Nb5 O-O 14.O-O-O Bd7
15.Nd4 Rac8 16.Bd3 Rc5 17.Rhe1 h6 18.b3 a5 19.a4 Nc8 20.Kb2 Na7  1/2-1/2

[Event "Budapest FS09 IM-B"]
[Site "Budapest"]
[Date "1995.??.??"]
[Round "9"]
[White "Farago, Sandor"]
[Black "Ottstadt, Ralph"]
[Result "1-0"]
[WhiteElo "2360"]
[BlackElo "2250"]

1.e4 e6 2.d4 d5 3.Nc3 Nf6 4.e5 Nfd7 5.f4 c5 6.Nf3 Nc6 7.Ne2 Qb6 8.c3 f6 9.a3 a5
10.g3 Be7 11.Bh3 f5 12.O-O cxd4 13.cxd4 Qd8 14.Nc3 Nb6 15.b3 Bd7 16.g4 O-O
17.gxf5 exf5 18.Kh1 Qe8 19.Rg1 Qh5 20.Qf1 Nd8 21.Be3 Rc8 22.Qg2 Ne6 23.Ne2 Rc2
24.Bd2 Qf7 25.a4 Na8 26.Rac1 Rfc8 27.Qf1 b6 28.Rxc2 Rxc2 29.Ng3 Nf8 30.Qd3 Rxd2
31.Nxd2 Ng6 32.Nxf5 Bxf5 33.Bxf5 Nxf4 34.Bxh7+ Kh8 35.Qf5 Qxf5 36.Bxf5 Nc7
37.Rc1 Bd8 38.Rc6 Ne2 39.Nf3 b5 40.Rb6  1-0

[Event "Bussum op"]
[Site "Bussum"]
[Date "1995.??.??"]
[Round "4"]
[White "Riemersma, Liafbern"]
[Black "Glek, Igor V"]
[Result "1/2-1/2"]
[WhiteElo "2430"]
[BlackElo "2590"]

1.e4 e6 2.d4 d5 3.Nc3 Nf6 4.e5 Nfd7 5.f4 c5 6.Nf3 Nc6 7.Be3 a6 8.Qd2 b5 9.dxc5 Bxc5
10.Bxc5 Nxc5 11.Qf2 Qb6 12.Bd3 b4 13.Ne2 a5 14.O-O Ba6 15.Kh1 Ne7 16.Rad1 Na4
17.Qxb6 Nxb6 18.b3 Nd7 19.Kg1 Nc5 20.Kf2 Ne4+ 21.Ke1 Nf5 22.Rc1 Ne3 23.Rg1 h5
24.Bxe4 dxe4 25.Ng5 Bb7 26.Ng3 Ke7 27.h4 Nd5 28.N3xe4 Nxf4 29.Nd6 f6 30.Nh3 fxe5
31.Nxb7 Rhc8 32.Nxf4 exf4 33.g3 f3 34.Rf1 Ra7 35.Rxf3 Rxb7 36.c4 Rc5 37.Ke2 Rd7
38.Rcf1 Rd4 39.Ke3 Rg4 40.Rf7+ Kd6 41.Rd1+ Kc6 42.Kf3 g5 43.Re1 Kd6 44.Rd1+ Ke5
45.Rh7 Rd4 46.Rxd4 Kxd4 47.Rxh5  1/2-1/2

[Event "Bussum op"]
[Site "Bussum"]
[Date "1995.??.??"]
[Round "4"]
[White "Vedder, Richard"]
[Black "Happel, Hendrik A"]
[Result "1-0"]
[WhiteElo "2160"]
[BlackElo "2240"]

1.e4 e6 2.d4 d5 3.Nc3 Nf6 4.e5 Nfd7 5.f4 c5 6.Nf3 Nc6 7.Be3 a6 8.Qd2 b5 9.dxc5 Bxc5
10.Bxc5 Nxc5 11.Nd4 Nxd4 12.Qxd4 Qb6 13.a4 bxa4 14.Nxa4 Nxa4 15.Rxa4 Qxd4
16.Rxd4 Bd7 17.Kd2 Ke7 18.Bd3 a5 19.Ra1 f6 20.exf6+ Kxf6 21.f5 Bc6 22.fxe6 Kxe6
23.c4 dxc4 24.Re1+ Kf7 25.Bxc4+  1-0

[Event "Cannes Martinez op"]
[Site "Cannes"]
[Date "1995.??.??"]
[Round "8"]
[White "Vialaret, Laurent"]
[Black "Couttet, Jean Marie"]
[Result "0-1"]
[WhiteElo "2090"]
[BlackElo "2070"]

1.d4 Nf6 2.Nc3 d5 3.e4 e6 4.e5 Nfd7 5.f4 c5 6.Nf3 Nc6 7.Be3 Qb6 8.Qd2 Qxb2
9.Rb1 Qa3 10.Bb5 c4 11.f5 Bb4 12.Rxb4 Qxb4 13.O-O h6 14.Nh4 Nf8 15.Ne4 Qxd2
16.Nd6+ Ke7 17.Bxd2 Nxd4 18.Bb4 Nxb5 19.Nxb5+ Kd8  0-1

[Event "Cannes op"]
[Site "Cannes"]
[Date "1995.??.??"]
[Round "8"]
[White "Levacic, Patrick"]
[Black "Jusic, Zdenko"]
[Result "1-0"]
[WhiteElo "2340"]
[BlackElo "2330"]

1.e4 e6 2.d4 d5 3.Nc3 Nf6 4.e5 Nfd7 5.f4 c5 6.Nf3 Nc6 7.Be3 cxd4 8.Nxd4 Qb6
9.a3 Bc5 10.Na4 Qa5+ 11.c3 Bxd4 12.Bxd4 Nxd4 13.Qxd4 b6 14.Qb4 Qxb4 15.axb4 Ke7
16.Bb5 Bb7 17.O-O f6 18.Rfe1 Rhf8 19.g3 Rac8 20.Re2 Bc6 21.exf6+ gxf6 22.Bd3 Kd6
23.b5 Ba8 24.Rae1 Rfe8 25.Bxh7 Re7 26.Bf5 Rce8 27.Bg6 Rg8 28.Bf5 Rge8 29.Bh3 a6
30.c4 axb5 31.cxb5 Nf8 32.Nxb6 Rb8 33.Nxa8 Rxa8 34.Rc2 Rb8 35.Rc6+ Kd7 36.Bf1 Rc8
37.Rec1 Rxc6 38.bxc6+ Kd6 39.b4 e5 40.b5 Rc7 41.Bh3 d4 42.Bg2 Nd7 43.Kf2 Nc5
44.b6 Nd3+ 45.Kf1 Nxc1 46.b7 Rxb7 47.cxb7 Kc7 48.fxe5 fxe5 49.h4 d3 50.Ke1 Ne2
51.h5 e4 52.h6 e3 53.h7 Nd4 54.h8=Q  1-0

[Event "Cappelle op"]
[Site "Cappelle la Grande"]
[Date "1995.??.??"]
[Round "3"]
[White "Gofshtein, Leonid D"]
[Black "Archangelsky, Mikhail"]
[Result "1-0"]
[WhiteElo "2465"]
[BlackElo "2250"]

1.e4 e6 2.d4 d5 3.Nc3 Nf6 4.e5 Nfd7 5.Nce2 c5 6.c3 Nc6 7.f4 b5 8.a3 cxd4
9.Nxd4 Nxd4 10.cxd4 Qb6 11.Nf3 b4 12.Qa4 Rb8 13.axb4 Bxb4+ 14.Kf2 a5 15.Be3 Ke7
16.Rc1 Ba6 17.Rc6 Bb5 18.Bxb5 Qxb5 19.Qc2 Rb6 20.Rc7 Rb7 21.Rxb7 Qxb7 22.f5 Rc8
23.Qd3 g6 24.fxe6 fxe6 25.Ng5 Nf8 26.Kg3 Ke8 27.h4 Rc7 28.h5 gxh5 29.Qd1 Rg7
30.Qxh5+ Rg6 31.Kh2 Qg7 32.Nh3 Kd7 33.Qe2 Ke8 34.Rc1 Qd7 35.Nf4 Rh6+ 36.Nh5 Rg6
37.Qa6 Be7 38.Qxa5 Kf7 39.Rc7 Qd8 40.Qa7 Rg4  1-0

[Event "Castellar op"]
[Site "Castellar"]
[Date "1995.??.??"]
[Round "?"]
[White "Vehi Bach, Victor Manuel"]
[Black "Yepes Martinez, Eduard"]
[Result "1-0"]
[WhiteElo "2445"]
[BlackElo "2315"]

1.e4 e6 2.d4 d5 3.Nc3 Nf6 4.e5 Nfd7 5.f4 c5 6.Nf3 Nc6 7.Be3 cxd4 8.Nxd4 Bc5
9.Qd2 a6 10.O-O-O O-O 11.h4 Qc7 12.Rh3 b5 13.Nxc6 Qxc6 14.Kb1 b4 15.Ne2 a5
16.Bxc5 Nxc5 17.Nd4 Qb6 18.h5 a4 19.Qe3 Ne4 20.Bd3 Nc3+ 21.bxc3 bxc3+ 22.Nb3 Qxe3
23.Rxe3 axb3 24.cxb3 f6 25.exf6 Rxf6 26.g3 Rh6 27.Bc2 Rxh5 28.Rxc3 g5 29.Rc7 Ba6
30.fxg5 Rxg5 31.Re7 Be2 32.Rd2 Bg4 33.Bxh7+ Kf8 34.Rb7 Bf3 35.Bd3 Rxg3 36.Rf2 Ke8
37.Bb5+ Kd8 38.Rc2 Rg2  1-0

[Event "Copenhagen3"]
[Site "Copenhagen"]
[Date "1995.??.??"]
[Round "3"]
[White "Nielsen, Uffe V"]
[Black "Petersen, Nils"]
[Result "1-0"]
[WhiteElo "2375"]
[BlackElo "2155"]

1.e4 e6 2.d4 d5 3.Nc3 Nf6 4.e5 Nfd7 5.Nce2 c5 6.c3 Nc6 7.f4 cxd4 8.cxd4 f5
9.Nf3 Be7 10.Nc3 Nf8 11.Be2 a6 12.O-O Ng6 13.Be3 b5 14.a4 b4 15.Nb1 Qb6 16.Nbd2 Na5
17.Ne1 Bd7 18.Nd3 Rc8 19.Nc5 Bxc5 20.dxc5 Qb7 21.b3 Ne7 22.Nf3 g6 23.Qd3 Ra8
24.Bf2 Nac6 25.Bh4 h6 26.Bf6 Rh7 27.Nh4 Kf7 28.g4 a5 29.Bf3 Qa6 30.Qd2 Qa7
31.Rae1 Rd8 32.Kh1 Bc8 33.Rg1 Qd7 34.gxf5 exf5 35.Nxg6 Nxg6 36.Rxg6 Ne7 37.Rg3 Rg8
38.c6 Qe6 39.Bxe7 Qxe7 40.Bxd5+ Be6 41.Rxg8 Kxg8 42.c7  1-0

[Event "Copenhagen op17"]
[Site "Copenhagen"]
[Date "1995.??.??"]
[Round "10"]
[White "Lutz, Christopher"]
[Black "Fries Nielsen, Jens Ove"]
[Result "1/2-1/2"]
[WhiteElo "2560"]
[BlackElo "2420"]

1.e4 e6 2.d4 d5 3.Nc3 Nf6 4.e5 Ng8 5.Nf3 b6 6.Bb5+ c6 7.Ba4 a5 8.a3 Ba6 9.Ne2 Bxe2
10.Qxe2 b5 11.Bb3 a4 12.Ba2 Nd7 13.c3 h6 14.Bb1 Ne7 15.Bd3 Qc7 16.h4 Nb6
17.h5 Nc4 18.g3 Nc8 19.Kf1 N8b6 20.Kg2 O-O-O 21.Bf4 Be7 22.Rae1 Kb7 23.g4 Qd7
24.Bg3 Rc8 25.Rd1 c5 26.Rhe1 Rc7 27.Bb1 Rcc8 28.dxc5 Bxc5 29.Nd4 Bxd4 30.Rxd4 Qc6
31.f3 Nd7 32.Rdd1 Qa6 33.Kh2 Rc6 34.f4 Qa5 35.f5 Qd8 36.fxe6 fxe6 37.Rf1 Rc7
38.Kh3 Qg5 39.Bf4 Qe7 40.Bg3 Qg5 41.Rde1 Rf8 42.Rxf8  1/2-1/2

[Event "Crailsheim op 1st"]
[Site "Crailsheim"]
[Date "1995.??.??"]
[Round "?"]
[White "Skorna, Ullrich"]
[Black "Sturm, Bernhard"]
[Result "1/2-1/2"]
[WhiteElo "2250"]
[BlackElo "1835"]

1.e4 e6 2.d4 d5 3.Nc3 Nf6 4.e5 Nfd7 5.f4 c5 6.dxc5 Nxc5 7.Nf3 Nc6 8.a3 b6
9.b4 Nd7 10.Bb5 Bb7 11.Bxc6 Bxc6 12.Nd4 Rc8 13.O-O a6 14.f5 Nxe5 15.fxe6 f6
16.Bf4 Ng6 17.Nxc6 Rxc6 18.Nxd5 Bd6 19.b5 Nxf4 20.Rxf4 Bc5+ 21.Kh1 Rxe6 22.Qd3 O-O
23.Re4 Rxe4 24.Qxe4 Re8 25.Qc4 Kf8 26.a4 Qd6 27.Rf1 Qe5 28.Qd3 Bd6 29.g3 Bc5
30.c4 Qh5 31.Nf4 Qh6 32.Qd7 Re7 33.Qd8+ Re8 34.Ne6+ Kf7 35.Qd7+ Re7 36.Nd8+ Kf8  1/2-1/2